Medios de Comunicación y conflico social /

Uloženo v:
Podrobná bibliografie
Hlavní autor: Osorrio Meléndez, A. Hugo
Médium: Text
Témata:
Tagy: Přidat tag
Žádné tagy, Buďte první, kdo vytvoří štítek k tomuto záznamu!

MARC

LEADER 00000 a a2200000 04500
001 3846
003
040
100 |a Osorrio Meléndez, A. Hugo  
245 |a Medios de Comunicación y conflico social /  |c A. Hugo Osorrio Meléndez 
650 |a MEDIOS DE COMUNICACION  
650 |a CONFLICTOS SOCIALES  
650 |a GLOBALIZACION  
650 |a NUEVA TECNOLOGIA  
650 |a SOCIEDAD DE LA INFORMACION  
650 |a OPINION PUBLICA  
773 |g volumen 19, 2(74); páginas 11-29  
999 |c 27943  |d 27943